[Event "Rheinhessen-ch U16/U18"]
[Site "Heidesheim"]
[Date "2014.01.07"]
[Round "5"]
[White "Gomes, Andre"]
[Black "Hartig, Chris"]
[Result "1/2-1/2"]
[WhiteElo "1096"]
[BlackElo "1087"]
[PlyCount "132"]
[EventDate "2014.01.07"]
[EventType "swiss"]
[EventRounds "7"]
[EventCountry "GER"]
[SourceTitle "EXT 2015"]
[Source "ChessBase"]
[SourceDate "2014.11.20"]
[SourceVersion "1"]
[SourceVersionDate "2014.11.20"]
[SourceQuality "1"]

1. e4 e5 2. Nf3 Nf6 3. Nc3 Nc6 4. Bc4 Nxe4 5. Nxe4 d5 6. Bd3 dxe4 7. Bxe4 Bd7 8. Bd3 g6 9. Be2 Bg7 10. d3 0-0 11. 0-0 Qe7 12. Re1 Nd4 13. Nxd4 exd4 14. Bf3 Qb4 15. Qd2 Qxd2 16. Bxd2 Bc6 17. Bxc6 bxc6 18. Re7 Rac8 19. Ba5 Bf6 20. Rd7 Be5 21. Re1 Rfe8 22. Bxc7 Bxc7 23. Rxe8+ Rxe8 24. Kf1 Ba5 25. g3 Bb6 26. Rd6 c5 27. Rd7 Kg7 28. Rd5 Rd8 29. Re5 Bc7 30. Re7 Bb6 31. Ke2 Rd6 32. Kf3 Re6 33. Rd7 Rf6+ 34. Ke2 Re6+ 35. Kd2 Ba5+ 36. c3 dxc3+ 37. bxc3 Bb6 38. Rd5 Rf6 39. Ke2 Rc6 40. Kd2 Bc7 41. f4 c4 42. d4 Bb6 43. Rd7 Rc7 44. Rd6 Ba5 45. Rd5 Bb6 46. Rd6 Re7 47. Rc6 Rc7 48. Rd6 f6 49. Re6 Kf7 50. Rd6 h6 51. g4 g5 52. f5 Rc8 53. Rd7+ Ke8 54. Rh7 h5 55. Rxh5 Bc7 56. h3 Bf4+ 57. Kc2 Kf7 58. Rh7+ Ke8 59. Rxa7 Kf8 60. Ra6 Kg7 61. Ra7+ Kf8 62. Ra6 Kg7 63. Ra7+ Kg8 64. Ra6 Kf7 65. Ra7+ Kf8 66. Ra6 Kg7 1/2-1/2